Flavaprin, egy új flavanon-glikozid az Evodia hupehensisből [Flavaprine, a new flavone glycoside from Evodia hupehensis]

Elmentve itt :
Bibliográfiai részletek
Szerzők: Mirhomn Y. W.
Reisch J.
Gellért Mária
Csedő Károly
Novák István
Szendrei Kálmán
Dokumentumtípus: Cikk
Megjelent: 1974
Sorozat:ACTA PHARMACEUTICA HUNGARICA 44 No. Suppl.
Tárgyszavak:
mtmt:2422831
Online Access:http://publicatio.bibl.u-szeged.hu/33922
LEADER 00908nab a2200253 i 4500
001 publ33922
005 20250610155623.0
008 250610s1974 hu o 000 hun d
022 |a 0001-6659; 1587-1495 
024 7 |a 2422831  |2 mtmt 
040 |a SZTE Publicatio Repozitórium  |b hun 
041 |a hun 
100 1 |a Mirhomn Y. W. 
245 1 0 |a Flavaprin, egy új flavanon-glikozid az Evodia hupehensisből [Flavaprine, a new flavone glycoside from Evodia hupehensis]  |h [elektronikus dokumentum] /  |c  Mirhomn Y. W. 
260 |c 1974 
300 |a 32-35 
490 0 |a ACTA PHARMACEUTICA HUNGARICA  |v 44 No. Suppl. 
650 4 |a Általános orvostudomány 
700 0 1 |a Reisch J.  |e aut 
700 0 1 |a Gellért Mária  |e aut 
700 0 1 |a Csedő Károly  |e aut 
700 0 1 |a Novák István  |e aut 
700 0 1 |a Szendrei Kálmán  |e aut 
856 4 0 |u http://publicatio.bibl.u-szeged.hu/33922/1/aok_klny_339_74.pdf  |z Dokumentum-elérés